000 01115nam2a22002531 4500
001 RU\NLR\INFOCOMM18\1000225615
005 20250617014334.0
035 _a(NLR Aleph) 002352962
090 _a4518298
_c4518298
100 _a20041118d1967 |||y0rusy50 ca
101 0 _arus
102 _aRU
105 _ay |||||||||
200 1 _aНовые модели причесок
_fН.П. Воробьева
210 _d1967
_aБ. м.
461 0 _1001RU\NLR\INFOCOMM18\1000225611
_12001#$aСовременные прически$eРеф. обзор$fРос. гос. союз об-ний, предприятий и орг. быт. обслуж. населения, ЦБНТИ$v1967, №2
_94518289
_cМ.
_d1966-
_fРос. гос. союз об-ний, предприятий и орг. быт. обслуж. населения, ЦБНТИ
_oРеф. обзор
_tСовременные прически
_v1967, №2
700 1 _aВоробьева
_bН.П.
_4070
801 1 _aRU
_bInfoComm
_c20041118
801 0 _aRU
_bNLR
_gPSBO
852 _aNLR
_jП10/3289
942 _cISSUE
980 _aNB
980 _aRUSPER